<?xml version="1.0" encoding="UTF-8"?>
<record
    xmlns:xsi="http://www.w3.org/2001/XMLSchema-instance"
    xsi:schemaLocation="http://www.loc.gov/MARC21/slim http://www.loc.gov/standards/marcxml/schema/MARC21slim.xsd"
    xmlns="http://www.loc.gov/MARC21/slim">

  <leader>02781nab a2200433 i 4500</leader>
  <controlfield tag="001">45668</controlfield>
  <controlfield tag="003">FINmELB</controlfield>
  <controlfield tag="005">20241216231722.0</controlfield>
  <controlfield tag="006">m     o  d |      </controlfield>
  <controlfield tag="007">cr cnu||||||||</controlfield>
  <controlfield tag="008">230918c20209999ck fr p  o    0    0spa d</controlfield>
  <datafield tag="022" ind1=" " ind2=" ">
    <subfield code="a">2665-6728</subfield>
  </datafield>
  <datafield tag="035" ind1=" " ind2=" ">
    <subfield code="a">(OCoLC)1399429657</subfield>
  </datafield>
  <datafield tag="040" ind1=" " ind2=" ">
    <subfield code="a">FINmELB</subfield>
    <subfield code="b">spa</subfield>
    <subfield code="e">rda</subfield>
    <subfield code="c">FINmELB</subfield>
  </datafield>
  <datafield tag="050" ind1=" " ind2="4">
    <subfield code="a">Z246</subfield>
    <subfield code="b">.V353 2020</subfield>
  </datafield>
  <datafield tag="080" ind1=" " ind2=" ">
    <subfield code="a">659.125</subfield>
  </datafield>
  <datafield tag="082" ind1="0" ind2="4">
    <subfield code="a">686.22</subfield>
    <subfield code="2">23</subfield>
  </datafield>
  <datafield tag="100" ind1="1" ind2=" ">
    <subfield code="a">Valdez Espinoza, Carlos,</subfield>
    <subfield code="e">autor.</subfield>
  </datafield>
  <datafield tag="245" ind1="1" ind2="0">
    <subfield code="a">"Rosa o azul" Sobre los colores para hombres y mujeres /</subfield>
    <subfield code="c">Carlos Valdez Espinoza.</subfield>
  </datafield>
  <datafield tag="264" ind1=" " ind2="1">
    <subfield code="a">Bogot&#xE1; :</subfield>
    <subfield code="b">Fundaci&#xF3;n Universitaria San Mateo,</subfield>
    <subfield code="c">2020.</subfield>
  </datafield>
  <datafield tag="310" ind1=" " ind2=" ">
    <subfield code="a">Semestral</subfield>
  </datafield>
  <datafield tag="336" ind1=" " ind2=" ">
    <subfield code="a">texto</subfield>
    <subfield code="b">txt</subfield>
    <subfield code="2">rdacontent/spa</subfield>
  </datafield>
  <datafield tag="337" ind1=" " ind2=" ">
    <subfield code="a">computadora</subfield>
    <subfield code="b">c</subfield>
    <subfield code="2">rdamedia/spa</subfield>
  </datafield>
  <datafield tag="338" ind1=" " ind2=" ">
    <subfield code="a">recurso en l&#xED;nea</subfield>
    <subfield code="b">cr</subfield>
    <subfield code="2">rdacarrier/spa</subfield>
  </datafield>
  <datafield tag="362" ind1="0" ind2=" ">
    <subfield code="a">2019-</subfield>
  </datafield>
  <datafield tag="520" ind1=" " ind2=" ">
    <subfield code="a">Los colores siempre han sido motivo de atenci&#xF3;n por diferentes estudiosos, especialistas y disciplinas, e interpretados desde diferentes &#xE9;pocas, contextos y culturas. Sin embargo, hoy en d&#xED;a se vinculan determinados colores al g&#xE9;nero de manera muy generalizada, por ejemplo, si nace un ni&#xF1;o o ni&#xF1;a se activa la l&#xF3;gica azul o rosa respectivamente para adquirir o entregar todo tipo de productos infantiles con estas tonalidades. Esto genera lo que Foucault denomina disciplinar los cuerpos, en este caso, mediante los colores. El presente trabajo realiza una breve revisi&#xF3;n de algunas concepciones y estudios sobre el color; luego mira las relaciones entre el cromatismo y la representaci&#xF3;n de las identidades de sexo y g&#xE9;nero. Parte de los carteles usados por el colectivo "Con mis hijos no te metas" y desarrolla an&#xE1;lisis visuales de artefactos culturales locales de diferentes &#xE9;pocas, con el fin de problematizar el v&#xED;nculo entre los colores y la afirmaci&#xF3;n o representaci&#xF3;n de determinadas identidades.</subfield>
  </datafield>
  <datafield tag="588" ind1=" " ind2=" ">
    <subfield code="a">Descripci&#xF3;n basada en metadatos suministrados por el editor y otras fuentes.</subfield>
  </datafield>
  <datafield tag="588" ind1=" " ind2=" ">
    <subfield code="a">Descripci&#xF3;n basada en Designio, investigaci&#xF3;n en dise&#xF1;o gr&#xE1;fico y estudios de la imagen, vol. 1, no. 2 (Octubre 2019 - Marzo 2020), P. 67-89.</subfield>
  </datafield>
  <datafield tag="590" ind1=" " ind2=" ">
    <subfield code="a">Recurso electr&#xF3;nico. Santa Fe, Arg.: elibro, 2023. Disponible v&#xED;a World Wide Web. El acceso puede estar limitado para las bibliotecas afiliadas a elibro.</subfield>
  </datafield>
  <datafield tag="650" ind1=" " ind2="4">
    <subfield code="a">Arte.</subfield>
  </datafield>
  <datafield tag="650" ind1=" " ind2="4">
    <subfield code="a">Color.</subfield>
  </datafield>
  <datafield tag="650" ind1=" " ind2="4">
    <subfield code="a">Disciplina.</subfield>
  </datafield>
  <datafield tag="650" ind1=" " ind2="4">
    <subfield code="a">Enfoque de g&#xE9;nero.</subfield>
  </datafield>
  <datafield tag="650" ind1=" " ind2="4">
    <subfield code="a">Lectura visual.</subfield>
  </datafield>
  <datafield tag="655" ind1=" " ind2="4">
    <subfield code="a">Art&#xED;culos electr&#xF3;nicos.</subfield>
  </datafield>
  <datafield tag="773" ind1="1" ind2=" ">
    <subfield code="t">Designio, investigaci&#xF3;n en dise&#xF1;o gr&#xE1;fico y estudios de la imagen.</subfield>
    <subfield code="x">ISSN2665-6728</subfield>
    <subfield code="d">Bogot&#xE1; : Fundaci&#xF3;n Universitaria San Mateo.</subfield>
    <subfield code="g">vol. 1, no. 2 (Octubre 2019 - Marzo 2020), p. 67-89</subfield>
  </datafield>
  <datafield tag="797" ind1="2" ind2=" ">
    <subfield code="a">elibro, Corp.</subfield>
  </datafield>
  <datafield tag="856" ind1="4" ind2="0">
    <subfield code="u">https://elibro.net/ereader/politecnicointernacional/172386</subfield>
  </datafield>
  <datafield tag="999" ind1=" " ind2=" ">
    <subfield code="c">45668</subfield>
    <subfield code="d">45668</subfield>
  </datafield>
</record>
